How to work wonders with color in your home (Record no. 5889)

MARC details
000 -CABECERA
campo de control de longitud fija 00681nam a2200229 a 4500
001 - NÚMERO DE CONTROL
campo de control BRCA_6202
005 - FECHA Y HORA DE LA ÚLTIMA TRANSACCIÓN
campo de control 20190320205353.0
008 - DATOS DE LONGITUD FIJA--INFORMACIÓN GENERAL
campo de control de longitud fija 120711s1934----u--#######---#000-0#eng-#
041 ## - CÓDIGO DE LENGUA
Código de lengua del texto/banda sonora o título independiente eng
044 ## - CÓDIGO DEL PAÍS DE LA ENTIDAD EDITORA/PRODUCTORA
Código MARC del país u
050 #4 - SIGNATURA TOPOGRÁFICA DE LA BIBLIOTECA DEL CONGRESO
Número de clasificación NK2110
Número de documento/Ítem .P37 1934
245 10 - MENCIÓN DE TÍTULO
Título How to work wonders with color in your home
Mención de responsabilidad, etc. By Elizabeth Parker.
260 ## - PUBLICACIÓN, DISTRIBUCIÓN, ETC.
Lugar de publicación, distribución, etc. Milwaukee, Wisconsin
Nombre del editor, distribuidor, etc. Pittsburg Plate Glass Co.
Fecha de publicación, distribución, etc. 1934
300 ## - DESCRIPCIÓN FÍSICA
Extensión 20 p.
Otras características físicas il. a color
Dimensiones 17 cm.
500 ## - NOTA GENERAL
Nota general Folleto inventariado como libro por el Banco de México.
500 ## - NOTA GENERAL
Nota general I62
650 14 - PUNTO DE ACCESO ADICIONAL DE MATERIA--TÉRMINO DE MATERIA
Término de materia o nombre geográfico como elemento de entrada Decoración y ornamentación
9 (RLIN) 3592
650 14 - PUNTO DE ACCESO ADICIONAL DE MATERIA--TÉRMINO DE MATERIA
Término de materia o nombre geográfico como elemento de entrada Color
9 (RLIN) 13437
700 1# - PUNTO DE ACCESO ADICIONAL--NOMBRE DE PERSONA
Nombre de persona Parker, Elizabeth
9 (RLIN) 15601
902 ## - CATALOGADOR
Iniciales GFM
942 ## - ELEMENTOS DE PUNTO DE ACCESO ADICIONAL (KOHA)
Fuente del sistema de clasificación o colocación Library of Congress Classification
Tipo de ítem Koha Libros
Holdings
Estado de retiro Estado de pérdida Estado dañado No para préstamo Localización permanente Ubicación/localización actual Fecha de adquisición Número de inventario Total de préstamos Signatura topográfica completa Código de barras Fecha visto por última vez Precio válido a partir de Tipo de ítem Koha
El ejemplar forma parte de la colección y puede ser consultado según las políticas vigentes.       Biblioteca del Museo Franz Mayer (Rogerio Casas-Alatriste) Biblioteca del Museo Franz Mayer (Rogerio Casas-Alatriste) 12/07/2011 I62   NK2110 .P37 1934 (I62) 6641 22/03/2019 22/03/2019 Libros